MARC

Tag First Indicator Second Indicator Subfields
LEADER 00000cam a2200000 i 4500
001 in00000038589
005 20240417163941.0
008 790920s1979 caua 000 0aeng
010 |a  79050359  
019 |a 6129789 
020 |a 0816868417 
020 |a 9780816868414 
029 1 |a AU@  |b 000001542802 
029 1 |a AU@  |b 000025014397 
029 1 |a NLGGC  |b 791373460 
035 |a (OCoLC)ocm05492203  
035 |a (OCoLC)5492203  |z (OCoLC)6129789 
035 |a (OCoLC)ocm05492203  
040 |a DLC  |b eng  |c DLC  |d BUF  |d BAKER  |d BTCTA  |d YDXCP  |d OCLCO  |d OCLCQ  |d OCLCF  |d OCLCO  |d OCL  |d AUY  |d OCLCQ  |d OCLCO  |d OCL  |d OCLCO  |d OCLCL  |d OCLCQ  |d OCLCL 
043 |a a-vt---  |a n-us--- 
050 0 0 |a DS558.8  |b .D78 
082 0 0 |a 959.704/348/0973 
100 1 |a Drury, Richard S. 
245 1 0 |a My secret war /  |c Richard S. Drury. 
250 |a 1st ed. 
260 |a Fallbrook, CA :  |b Aero Publishers,  |c ©1979. 
300 |a 224 pages :  |b illustrations ;  |c 24 cm 
336 |a text  |b txt  |2 rdacontent 
337 |a unmediated  |b n  |2 rdamedia 
338 |a volume  |b nc  |2 rdacarrier 
600 1 0 |a Drury, Richard S. 
650 0 |a Vietnam War, 1961-1975  |x Aerial operations, American. 
650 0 |a Vietnam War, 1961-1975  |v Personal narratives, American. 
650 6 |a Guerre du Viêt-nam, 1961-1975  |x Opérations aériennes américaines. 
600 1 7 |a Drury, Richard S.  |2 fast  |0 (OCoLC)fst00042199 
650 7 |a Military operations, Aerial  |x American.  |2 fast  |0 (OCoLC)fst01710199 
647 7 |a Vietnam War  |d (1961-1975)  |2 fast  |0 (OCoLC)fst01431664  |1 https://id.oclc.org/worldcat/entity/E39Qhp4vB9HVwcPb3whDTtrg7b 
648 7 |a 1961 - 1975  |2 fast 
655 7 |a Personal narratives  |v American.  |2 fast  |0 (OCoLC)fst01424071 
758 |i has work:  |a My Secret War (Text)  |1 https://id.oclc.org/worldcat/entity/E39PCXwyVQTy6mKKY4MBd3GmBP  |4 https://id.oclc.org/worldcat/ontology/hasWork 
776 0 8 |i Online version:  |a Drury, Richard S.  |t My secret war.  |b 1st ed.  |d Fallbrook, CA : Aero Publishers, ©1979  |w (OCoLC)566324568 
776 0 8 |i Online version:  |a Drury, Richard S.  |t My secret war.  |b 1st ed.  |d Fallbrook, CA : Aero Publishers, ©1979  |w (OCoLC)609347709 
938 |a Baker & Taylor  |b BKTY  |c 12.95  |d 9.71  |i 0816868417  |n 0000069254  |s active 
938 |a Baker and Taylor  |b BTCP  |n 79050359 
938 |a YBP Library Services  |b YANK  |n 7731208 
948 |h HELD BY TXA - 118 OTHER HOLDINGS 
994 |a Z0  |b TXA 
999 f f |s e73049b0-c13a-3ddf-9f93-769c6c9155eb  |i 20281b15-0a1f-378e-ae84-c91b3c231fb4  |t 0 
952 f f |p ric  |a Texas A&M University  |b Rellis Campus  |c Joint Library Facility  |s JLF  |d Remote Storage  |t 0  |e DS558.8 .D78 1979b  |h Library of Congress classification  |i unmediated -- volume  |m A14807375275